000 00884cam a2200313Mi 4500
001 75592
005 20230410105311.0
008 060630s2006 fr 000 0 fre d
035 _a(OCoLC)ocn255665917
040 _aGyGoGBV
_erakwb
_bger
_cGBVCP
020 _a2707148830
020 _a9782707148834
024 8 _acasa60608023
035 _a(OCoLC)255665917
050 1 4 _aH 61
_bR425
082 0 0 _a330
100 1 _aEber, Nicolas.
245 1 3 _aLe dilemme du prisonnier /
_cNicolas Eber.
260 _aParis :
_bDécouverte,
_c2006.
300 _a128 S. :
_bgraph. Darst.
490 1 _aCollection Reperes;
_vn.451
650 4 _aGefangenendilemma / Kooperatives Spiel / Theorie.
730 0 _aCollection Reperes
830 0 _aReperes / économie
856 4 _uhttp://www.gbv.de/dms/zbw/514025530.pdf
942 _2lcc
_cbk
946 _amjcruz
994 _aC0
_bDRFGD
999 _c33955
_d33955